000
00282nam a2200109Ia 4500
005
20251222153637.0
008
251222s9999||||xx |||||||||||||| ||spa||
082
_a
869.555/P26P/Ej.2
100
_a
"Pardo y Aliaga, Felipe "
245
0
_a
Poesía y artículos: selección
942
_c
LIB
999
_c
32583
_d
32583